Tradičná talianska kuchyňa a jej propagácia pomocou mobilných aplikácií
Identifikácia jedál a potravinárskych výrobkov špecifických pre dané regióny severného a stredného Talianska a mobilných aplikácií, ktoré propagujú taliansku kuchyňu.
Salvato in:
| Autore principale: | |
|---|---|
| Natura: | Capitolo di libro |
| Lingua: | slovacco |
| Soggetti: | |
| Tags: |
Nessun Tag, puoi essere il primo ad aggiungerne!!
|
MARC
| LEADER | 00000naa a2200000 4500 | ||
|---|---|---|---|
| 001 | 0225748 | ||
| 005 | 20240502073713.0 | ||
| 041 | 0 | |a slo | |
| 044 | |a SK | ||
| 245 | 1 | 0 | |a Tradičná talianska kuchyňa a jej propagácia pomocou mobilných aplikácií |c Malgorzata A. Jarossová |
| 520 | |a Identifikácia jedál a potravinárskych výrobkov špecifických pre dané regióny severného a stredného Talianska a mobilných aplikácií, ktoré propagujú taliansku kuchyňu. | ||
| 610 | 2 | 0 | |a aplikácie mobilné |
| 610 | 2 | 0 | |a Taliansko |
| 610 | 2 | 0 | |a gastronómia |
| 610 | 2 | 0 | |a kvalita tovaru |
| 610 | 2 | 0 | |a stratégia marketingová |
| 100 | 1 | |a Jarossová, Malgorzata Agnieszka, 1978- | |